Rooster Teeth Employees #2 - Statistics

General Stats
  • This quiz has been taken 6 times
  • The average score is 3 of 9
Answer Stats
Picture Answer % Correct
Ashley Jenkins
75%
Adam Ellis
50%
Gray Haddock
50%
Chris Demarais
25%
Jordan Cwierz
25%
Kyle Taylor
25%
Bethany Feinstein
0%
Chesea Atkinson
0%
Josh Flanagan
0%
No matching quizzes found
Score Distribution
Percent of People with Each Score
Percentile by Number Answered
Your Score History
You have not taken this quiz